000 00637nam a22002417a 4500
001 00502
003 DO-SdBNP
005 20180125111536.0
007 00502
008 160608b co 1994||||| |||| 00| 0 spa d
020 _a9505734182
040 _aBPMSU
_bspa
_cBPMSU
092 _axxxxxxx
_bxxxxxxx
100 1 _aChaij, Enrique
245 1 _aCómo enriquecerse sin dinero /
_cEnrique Chaij
260 _aColombia :
_bApia,
_c1994.
300 _a95 p. :
_c16 cm.
490 1 _aVida abundante
830 0 _aVida abundante
942 _2ddc
_cBK
945 _aInventariado extranjero / 2018 VM
956 _aBTAVÄREZ
_b10
_c20160806
_d00502
999 _c10320
_d10320